LEADER 01111nam a2200289 i 4500 001 000000148917 003 CaOOAMICUS 005 20060419000000.0 008 060419s2003 it u000 u ita u 013 $a126235 020 $a88-514-0060-1 040 $aSeMil$bita 100 1 $aPossenti Ghiglia, Nora.$0(OLS)http://semarc/name/58863 245 13$aIl volto di Cristo in Rouault /$cNora Possenti Ghiglia. 260 $aMilano :$bĀncora,$c2003. 300 $a103 p. :$bill. ;$c21 cm. 490 0 $aTra arte e teologia 500 $aDono del Card. Dionigi Tettamanzi. 600 14$aRouault, Georges <1871-1958>.$0(OLS)http://semarc/subject/17974 830 0$aTra arte e teologia.$0(OLS)http://semarc/title/10624 850 $aSeMil 852 $aSeMil$W1$xVenegono$y1$m5R I 7$j101245$B101245$CSeMilBibl$Z2$F109971 $81 941 1 $a5 961 $aOmaggio: Tettamanzi Card. Dionigi 996 $6020$a88-514-0060-1$9(OLS)http://semarc/number/137908 996 $6245$aIl volto di Cristo in Rouault$9(OLS)http://semarc/title/217672 996 $6260$aMilano :$bĀncora$9(OLS)http://semarc/publisher/29763 LEADER 01159nam a2200277 i 4500 001 000000192526 003 CaOOAMICUS 005 20100923000000.0 008 100923s1976 it u000 u ita u 013 $a171111 040 $aSeMil$bita 245 10$aAnno Santo :$bDiscorsi pastorali di Paolo 6. 260 $aCittā del Vaticano :$bLibreria Editrice Vaticana,$cstampa 1976. 300 $a275 p. :$bill. ;$c24 cm. 650 4$aPaolo VI - Insegnamenti.$0(OLS)http://semarc/subject/17551 650 4$aGiubilei - 1975.$0(OLS)http://semarc/subject/30216 700 0 $aPaulus VI,$c.$0(OLS)http://semarc/name/803 850 $aSeMil 852 $aSeMil$W1$xVenegono$y1$m2A IV 441$j143101$B143101$CSeMilBibl$Z2$F155022 $81 900 1 $aMontini, Giovanni Battista,$d<1897-1978>. 900 0 $aPaolo VI$c. 961 $aLascito: Casiraghi don Ernesto 996 $6245$aAnno Santo :$bDiscorsi pastorali di Paolo 6$9(OLS)http://semarc/title/277489 996 $6260$aCittā del Vaticano :$bLibreria Editrice Vaticana$9(OLS)http://semarc/publisher/29734